|
|
|
|
| LEADER |
00000nab a2200000 a 4500 |
| 001 |
vtls010096119 |
| 003 |
SK-MaSNL |
| 005 |
20260304025247.0 |
| 008 |
100517c2002 xo r m 000 00slo |
| 015 |
|
|
|a SNBRA2010/05SVKPO
|
| 038 |
|
|
|a SVKPO
|
| 040 |
|
|
|a SVKPOCL
|c slo
|e AACR2
|
| 041 |
0 |
|
|a slo
|
| 044 |
|
|
|a xo
|c SK
|
| 080 |
|
|
|a 324:327.39(4)
|2 2001
|
| 080 |
|
|
|a 327.39(4)
|2 2001
|
| 100 |
1 |
|
|a Dančišin, Vladimír,
|d 1976-2018
|4 aut
|9 183664
|
| 245 |
1 |
0 |
|a Uniformizácia volebných pravidiel v EÚ
|c Vladimír Dančišin
|
| 504 |
|
|
|a Bibliogr. odkazy
|
| 610 |
2 |
7 |
|a Európsky parlament
|2 svkpocl
|9 29808
|
| 650 |
0 |
7 |
|a voľby
|z krajiny Európskej únie
|2 svkpocl
|9 1306822
|
| 773 |
0 |
|
|t Európa medzi identitou a integritou / [vedecký redaktor a zostavovateľ Marcela Gbúrová]
|d Prešov : [Prešovská univerzita ; Filozofická fakulta], 2002
|g S. 186-190
|z 8080681104
|
| 852 |
|
|
|a SVKPO
|b KIS3GCP
|
| 958 |
|
|
|a SK
|
| 958 |
|
|
|a NB
|
| 999 |
|
|
|c 2626257
|d 2628187
|